000 00758nam a2200229Ii 4500
003 JO-AjNU
008 230605s9999||||xx |||||||||||||| ||und||
017 _a2011/1954
020 _a978-977-379-161-6
040 _aJO-AjNU
_bara
_erda
_cJO-AjNU
041 _aara
050 1 4 _aKRM1388.M24.2012
100 3 _aدسوقى، رأفت,
_eauthor
_943901
245 0 0 _aإجراءات التقاضى فى منازعات العمل الفردية والجماعية
250 _aط1
264 3 1 _aالاسكندرية :دار الفكرالجامعى،2012
300 _a322ص
336 _atext
_btxt
_2rdacontent
337 _aunmediated
_bn
_2rdamedia
338 _avolume
_bnc
_2rdacarrier
650 4 _aالمحاكمات -- قانون مدني
_943902
999 _aA18910
_c22478
_d22478